000 00297nam a22001337a 4500
008 170320b xxu||||| |||| 00| 0 eng d
020 _a9780397512430
041 _aeng
080 _26TH
_a616.8
100 _a7
101 _aSHM
245 _aTHE HUMAN NERVOUS SYSTEM
_cBARR, M.L
942 _2udc
_cBK
999 _c8086
_d8086